Statistics for Oscars - Best Actor Winners

Click here to take the quiz!

General Stats

  • This quiz has been taken 78 times
  • The average score is 32 of 45

Answer Stats

HintAnswer% Correct
‘Philadelphia’ (1993)Tom Hanks
97%
‘Forrest Gump’ (1994)Tom Hanks
97%
‘The Father’ (2020)Anthony Hopkins
91%
‘The Silence of the Lambs’ (1991)Anthony Hopkins
91%
‘Lincoln’ (2012)Daniel Day-Lewis
91%
‘There Will Be Blood’ (2007)Daniel Day-Lewis
91%
‘My Left Foot’ (1989)Daniel Day-Lewis
91%
‘The Revenant’ (2015)Leonardo DiCaprio
90%
‘Milk’ (2008)Sean Penn
87%
‘Mystic River’ (2003)Sean Penn
87%
‘Gladiator’ (2000)Russell Crowe
85%
‘The King’s Speech’ (2010)Colin Firth
84%
‘Joker’ (2019)Joaquin Phoenix
84%
‘Raging Bull’ (1980)Robert DeNiro
84%
‘Oppenheimer’ (2023)Cillian Murphy
82%
‘Kramer vs. Kramer’ (1979)Dustin Hoffman
81%
‘Rain Man’ (1988)Dustin Hoffman
81%
‘Bohemian Rhapsody’ (2018)Rami Malek
81%
‘King Richard’ (2021)Will Smith
81%
‘Gandhi’ (1982)Ben Kingsley
79%
‘Ray’ (2004)Jamie Foxx
79%
‘American Beauty’ (1999)Kevin Spacey
79%
‘Scent of a Woman’ (1992)Al Pacino
78%
“Dallas Buyers Club’ (2013)Matthew McConaughey
78%
‘The Pianist’ (2002)Adrien Brody
76%
‘Training Day’ (2001)Denzel Washington
75%
“The Theory of Everything’ (2014)Eddie Redmayne
73%
‘Capote’ (2005)Philip Seymour Hoffman
73%
‘As Good As It Gets’ (1997)Jack Nicholson
72%
‘Wall Street’ (1987)Michael Douglas
70%
‘Manchester By the Sea’ (2016)Casey Affleck
69%
‘The Whale’ (2022)Brendan Fraser
67%
‘The Last King of Scotland’ (2006)Forest Whitaker
64%
‘Darkest Hour’ (2017)Gary Oldman
61%
‘Leaving Las Vegas’ (1995)Nicholas Cage
61%
“On Golden Pond’ (1981)Henry Fonda
55%
‘Crazy Heart’ (2009)Jeff Bridges
51%
‘The Color of Money’ (1986)Paul Newman
51%
‘Amadeus’ (1984)F. Murray Abraham
43%
‘Shine’ (1996)Geoffrey Rush
43%
‘The Artist’ (2011)Jean Dujardin
43%
‘Life Is Beautiful’ (1998)Roberto Benigni
36%
‘Kiss of the Spider Woman’ (1985)William Hurt
33%
‘Reversal of Fortune’ (1990)Jeremy Irons
28%
‘Tender Mercies’ (1983)Robert Duvall
28%

Score Distribution

Percentile by Number Answered

Percent of People with Each Score

Your Score History

You have not taken this quiz